Taking care of your planet:click enery= : (Record no. 115304)
[ view plain ]
| 000 -LEADER | |
|---|---|
| fixed length control field | 00466nam a2200157 a 4500 |
| 005 - DATE AND TIME OF LATEST TRANSACTION | |
| control field | 20140414132135.0 |
| 008 - FIXED-LENGTH DATA ELEMENTS--GENERAL INFORMATION | |
| fixed length control field | 131216s19uu xx 00 eng d |
| 020 ## - INTERNATIONAL STANDARD BOOK NUMBER | |
| International Standard Book Number | 9780764145476 |
| 050 ## - LIBRARY OF CONGRESS CALL NUMBER | |
| Classification number | M 530 |
| Item number | Jim61 2011 |
| 100 ## - MAIN ENTRY--PERSONAL NAME | |
| Personal name | Jimenez, Nuria |
| 245 ## - TITLE STATEMENT | |
| Title | Taking care of your planet:click enery= : |
| Remainder of title | Cuidem el Planeta:clic!energia. |
| 260 ## - PUBLICATION, DISTRIBUTION, ETC. (IMPRINT) | |
| Place of publication, distribution, etc | New York : |
| Name of publisher, distributor, etc | Barron's Educational Series, Inc, |
| Date of publication, distribution, etc | c2011. |
| 300 ## - PHYSICAL DESCRIPTION | |
| Extent | 34 |
| 650 ## - SUBJECT ADDED ENTRY--TOPICAL TERM | |
| Topical term or geographic name as entry element | Energy- |
| General subdivision | uses |
| Withdrawn status | Lost status | Damaged status | Use restrictions | Home library | Current library | Shelving location | Date acquired | Source of acquisition | Cost, normal purchase price | Total Checkouts | Full call number | Barcode | Date last seen | Price effective from | Koha item type |
|---|---|---|---|---|---|---|---|---|---|---|---|---|---|---|---|
| Munich Library | Munich Library | Main Section | 12/16/2013 | 325.00 | M 530 Jim61 2011 | M7326 | 04/14/2014 | 04/14/2014 | Books |